000 00645nam a2200277Ia 4500
005 20260324143535.0
008 008 260324s9999 xx 000 0 eng d
020 _a9780367812775
037 _aEBOOK
040 _aCRL
040 _beng
040 _cCRL
041 _2eng
041 _aeng
084 _qCRL
100 _aJohn E. Butler
_91216006
245 0 _aImmunochemistry of Solid-Phase Immunoassay
260 _bTaylor and Francis
260 _c1991
365 _a
365 _b880
856 _uhttp://www.taylorfrancis.com/books/9780367812775
942 _cEBOOK
999 _c1821532
_d1821532